Κατάλογος Βιβλιοθηκών Mediterranean College

BPS Manual of Psychology Practicals / Experiment, Observation and Correlation (Record no. 219)

MARC details
000 -LEADER
fixed length control field 01427cam a22002174a 4500
005 - ΗΜΕΡΟΜΗΝΙΑ ΚΑΙ ΩΡΑ ΤΕΛΕΥΤΑΙΑΣ ΕΝΗΜΕΡΩΣΗΣ
Πεδίο ελέγχου 20250605163928.0
008 - FIXED-LENGTH DATA ELEMENTS--GENERAL INFORMATION
Πεδίο ελέγχου σταθερού μήκους 250528s ||||||||||||||||||||||||d
035 ## - SYSTEM CONTROL NUMBER
System control number 14595
020 ## - ISBN
ISBN 1854330748
040 ## - ΠΗΓΗ ΚΑΤΑΛΟΓΟΓΡΑΦΗΣΗΣ
Φορέας πρωτότυπης καταλογογράφησης MC Athens Campus Library
Γλώσσα καταλογογράφησης Ελληνικά, Μοντέρνα (1453-)
Modifying agency MC Athens Campus Library
Κανόνες περιγραφικής καταλογογράφησης AACR2
245 1# - ΤΙΤΛΟΣ ΚΑΙ ΔΗΛΩΣΗ ΥΠΕΥΘΥΝΟΤΗΤΑΣ
Τίτλος BPS Manual of Psychology Practicals / Experiment, Observation and Correlation
260 ## - PUBLICATION, DISTRIBUTION, ETC.
Name of publisher, distributor, etc. Bps Books,
Date of publication, distribution, etc. 1994
300 ## - PHYSICAL DESCRIPTION
Extent 232
520 ## - SUMMARY, ETC.
Summary, etc. This manual contains 15 carefully tested practical exercises designed to encourage students to explore and compare the experimental, observational and correlational methods of psychological investigation. Introduction and Acknowledgements, The Experimental Method, Experimenter Bias Effects: Unintentional Versus Intentional Factors, Hand Preference and Hand Skill, Evaluating a Technique to Aid the Learning of People's Names, The Observational Method, Sex Role Stereotyping in British Television Advertisements, Observational Studies of Pedestrian Behavior, Gender Differences in the Aggressive Behavior, The Correlational Method, The Basis of People's Fear of Animals, Assessing the Relationship Between Adults' Attitudes Towards Mental Illness, Approaches to Studies and Academic Performance, Ethical Considerations in Carrying Out Psychological Research.
700 1# - ΠΡΟΣΘΕΤΗ ΑΝΑΓΡΑΦΗ--ΦΥΣΙΚΟ ΠΡΟΣΩΠΟ
Personal name Higgins Louise
9 (RLIN) 317
700 1# - ΠΡΟΣΘΕΤΗ ΑΝΑΓΡΑΦΗ--ΦΥΣΙΚΟ ΠΡΟΣΩΠΟ
Personal name Macllveen Rob
9 (RLIN) 318
700 1# - ΠΡΟΣΘΕΤΗ ΑΝΑΓΡΑΦΗ--ΦΥΣΙΚΟ ΠΡΟΣΩΠΟ
Personal name Wadeley Alison
9 (RLIN) 277
942 ## - ADDED ENTRY ELEMENTS (KOHA)
Koha item type Books
Holdings
Τύπος τεκμηρίου Βιβλιοθήκη Τρέχουσα τοποθεσία Barcode Αριθμός εισαγωγής Ημερομηνία απόκτησης Ταξιθετικό σύμβολο Αριθμός αντιτύπου Κατάσταση απόσυρσης Κατάσταση χαμένου Κατάσταση κατεστραμμένου Μη δανεισμός Σύνολο δανεισμών Ημερομηνία τελευταίας εμφάνισης Η τιμή ισχύει από
Books MC Athens Campus Library MC Athens Campus Library 9780000002181 256 05/06/2025 150/.72 MCL 1           05/06/2025 05/06/2025

MC Athens Campus Library
Πατησίων 94 & Κοδριγκτώνος 13, 104 34
Πελλήνης 8 & Πατησίων 107, 112 51
Τ: +30 210 8899600

MC Thessaloniki Campus Library
Ίωνος Δραγούμη 21, 54625 | Ίωνος Δραγούμη 15, 54625
Τ: +30 2310 287779 – Τ: +30 2314 440300